00302pab a2200121 454500008004000000100001800040245004800058260000900106300001200115362001100127650001000138773003200148180718b1999 xxu||||| |||| 00| 0 eng d aSingh, Sushma aAdolescents are a generation under pressure c1999 ap.47-58 aSpring aYouth aJournal of Higher Education